Highways,: The Location, Design, constructionand maintence of road pavements (Record no. 19507)

MARC details
000 -LEADER
fixed length control field 00523nam a2200181Ia 4500
008 - FIXED-LENGTH DATA ELEMENTS--GENERAL INFORMATION
fixed length control field 230917s9999||||xx |||||||||||||| ||und||
020 ## - ISBN
Price GBP46
040 ## - CATALOGING SOURCE
-- 235292
Original cataloging agency VIVEKANANDA LIBRARY
041 ## - Language
-- English
082 ## - DDC NUMBER
Classification number 625.7 O4H(5)
100 ## - MAIN ENTRY--PERSONAL NAME
Personal name O'Flaherty, Coleman
245 #0 - TITLE STATEMENT
Title Highways,: The Location, Design, constructionand maintence of road pavements
250 ## - EDITION STATEMENT
Edition statement 5th ed.
260 ## - PUBLICATION, DISTRIBUTION, ETC. (IMPRINT)
Place of publication, distribution, etc London
Name of publisher, distributor, etc ICE Publishing
Date of publication, distribution, etc 2016
300 ## - PHYSICAL DESCRIPTION
Pages xxvi, 585 p.
500 ## - GENERAL NOTE
General note 2419 14/10/2016 IBS16/450 17/10/2016 Main Budget
942 ## - ADDED ENTRY ELEMENTS (KOHA)
Koha item type Books
Holdings
Withdrawn status Lost status Damaged status Not for loan Location (home branch) Sublocation or collection (holding branch) Shelving location Date acquired Koha issues (times borrowed) Koha full call number Accession No. Koha date last seen Koha item type
        VIVEKANANDA LIBRARY VIVEKANANDA LIBRARY UIET Library 25/11/2016   625.7 O4H(5) 359011 17/09/2023 Books
© Designed and Maintained by Vivekananda Library, MDU Rohtak